Andean forests and farming systems in part of the eastern Cordillera (colombia) (Registro nro. 13602)
[ vista simple ]
| 000 -CABECERA | |
|---|---|
| Campo de control | 003770000a22001210004500 |
| 090 ## - CLASIFICACIÓN LOCAL | |
| Colección | AR |
| Consecutivo | 04503 |
| 041 0# - IDIOMA | |
| Código de idioma para texto/pista de sonido o título separado | |
| 100 1# - ASIENTO PRINCIPAL--NOMBRE PERSONAL | |
| Nombre personal | Etter, Andrés |
| 245 10 - MENCION DE TITULO | |
| Título | Andean forests and farming systems in part of the eastern Cordillera (colombia) |
| 700 1# - ASIENTO SECUNDARIO - NOMBRE PERSONAL | |
| Nombre personal | Villa , L. Alberto |
| 773 1# - Item fuente: | |
| Título | Mountain Research and development |
| Descripción física | 3 |
| Paginas del Articulo | 236-245 |
| Lugar, editorial y fecha de publicación | 2000 |
| Información sobre la relación | 20 |
| 942 ## - ELEMENTOS ADICIONALES (KOHA) | |
| Tipo de ítem | Artículo |
| Withdrawn status | Lost status | Damaged status | No para préstamo | Colección | Ubicación Permanente | Ubicación actual | Fecha de adquisición | Datos de publicación Seriada | Total Checkouts | Número topográfico | Inventario / Código de Barras | Date last seen | Ejemplar | Price effective from | Forma de adquisición | Tipo de material |
|---|---|---|---|---|---|---|---|---|---|---|---|---|---|---|---|---|
| No para Préstamo | Hemeroteca | Bogotá | Bogotá | 25/09/2009 | Fuera de circulación | AR 04503 | 027609 | 25/03/2015 | 1 | 25/03/2015 | Artículo |